000 00652nam a2200253Ia 4500
003 OSt
005 20241029125838.0
008 210329s9999||||xx |||||||||||||| ||und||
020 _a0-07-058189-4
040 _cSTCPL
041 _aENG
041 _hENG
082 _a371.26
_bABH-Q
100 _aGuha, Abhijit
245 0 _aQuantitative aptitude for competitive examinations /
_cby Abhijit Guha
250 _a3rd ed.
260 _aNew Delhi :
_bTata Mcgrow -Hill Publishing Co Ltd ,
_c1996 .
300 _a503 p.
_bPB
650 _aQuantitative Aptitude
650 _aAptitude
650 _aCompetative exam
942 _cBK
942 _2ddc
999 _c56492
_d56492